Un baile de máscaras /
Gardado en:
| Autor Principal: | |
|---|---|
| Formato: | Desconocido |
| Idioma: | Spanish |
| Publicado: |
México :
Ediciones Santillana S. A.,
1995.
|
| Materias: | |
| Etiquetas: |
Engadir etiqueta
Sen Etiquetas, Sexa o primeiro en etiquetar este rexistro!
|
MARC
| LEADER | 000000000a22000000004500 | ||
|---|---|---|---|
| 001 | 010600 | ||
| 020 | |a 9681902351 | ||
| 041 | 0 | |a spa | |
| 082 | 0 | 4 | |a N863.44 |b R173b |
| 100 | 1 | |a Ramírez Mercado, Sergio, |d 1942- | |
| 245 | 1 | 3 | |a Un baile de máscaras / |c Sergio Ramírez Mercado. |
| 260 | 1 | |a México : |b Ediciones Santillana S. A., |c 1995. | |
| 300 | |a 230 páginas | ||
| 650 | 4 | |a LITERATURA NICARAGUENSE | |
| 650 | 4 | |a NOVELA | |
| 999 | |c 16093 |d 16093 | ||
| 942 | |c BK |h N863.44 R173b |2 z | ||



